| 000 | 01671nam0a2200361 4500 | ||
|---|---|---|---|
| 001 | RU\NLR\bibl\514892 | ||
| 005 | 20260405215445.0 | ||
| 010 |
_a5-9532-0063-3 _93000 |
||
| 021 |
_aRU _b2004-13297 _9681 |
||
| 035 | _a(NLR Aleph) 000507338 | ||
| 090 |
_a1211241 _c1211241 |
||
| 100 | _a20040423d2004 |||y0rusy50 ca | ||
| 101 | 0 | _arus | |
| 102 | _aRU | ||
| 105 | _aa ||||||||| | ||
| 200 | 1 |
_aОбщая эпизоотология _eУчеб. для студентов вузов по спец. 310800 "Ветеринария" _fА.А. Сидорчук, Е.С. Воронин, А.А. Глушков |
|
| 210 |
_aМ. _cКолосС _d2004 |
||
| 215 |
_a172,[1] с. _cил. _d20 |
||
| 225 | 1 | _aУчебники и учебные пособия для студентов высших учебных заведений | |
| 225 | 1 | _aУчебник | |
| 320 | _aПредм. указ.: с. 165-171 | ||
| 606 | 0 |
_aЭпизоотология _jРуководства, пособия и т.п. _91269199 _3RU\NLR\auth\66204437 |
|
| 606 | 0 |
_aЭпизоотология _jУчебники для высших учебных заведений _91269199 _3RU\NLR\auth\66204437 |
|
| 686 | _aП82я73-1 | ||
| 700 | 1 |
_aСидорчук _bА. А. _gАлександр Андреевич _4070 |
|
| 701 | 1 |
_4070 _7ca _8rus _aВоронин _bЕ. С. _cд-р биол. наук _f1938- _gЕвгений Сергеевич _980905 _3RU\NLR\auth\7797979 |
|
| 701 | 1 |
_aГлушков _bА. А. _gАнатолий Андреевич _4070 |
|
| 801 | 0 |
_aRU _bNLR _c20040423 _gPSBO |
|
| 801 | 1 |
_aRU _bNLR _c20040423 |
|
| 830 | _aАвт. по кн. | ||
| 942 | _cBOOK | ||
| 980 | _aNB | ||